logo

Bir Sreshtho Munshi Abdur Rouf Library
Jhenaidah Cadet College

নন্দনতত্ত্ব / (Record no. 3242)

MARC details
000 -LEADER
fixed length control field 00810nam a22002417a 4500
001 - CONTROL NUMBER
JCCL Control Number 3242
003 - CONTROL NUMBER IDENTIFIER
JCCL marc code BD-JhCC
005 - DATE AND TIME OF LATEST TRANSACTION
control field 20180424095334.0
008 - FIXED-LENGTH DATA ELEMENTS--GENERAL INFORMATION
fixed length control field 171111s1985 bg |||| |||| 000 0 ben d
035 ## - SYSTEM CONTROL NUMBER
system control number (BD-JhCC)3242
040 ## - CATALOGING SOURCE
Original cataloging agency BD-JhCC
Modifying agency BD-JhCC
041 ## - LANGUAGE CODE
Language code of Book ben
082 ## - DEWEY DECIMAL CLASSIFICATION NUMBER
Classification number 111.85
Author mark and Year ISL 1985
100 ## - MAIN ENTRY--PERSONAL NAME
Personal name ইসলাম, সৈয়দ মনজুরুল
245 ## - TITLE STATEMENT
Title নন্দনতত্ত্ব /
Statement of responsibility, etc সৈয়দ মনজুরুল ইসলাম
260 ## - PUBLICATION, DISTRIBUTION, ETC. (IMPRINT)
Place of publication, distribution, etc ঢাকা :
Name of publisher, distributor, etc বাংলা একাডেমী,
Date of publication, distribution, etc ১৯৮৫.
300 ## - PHYSICAL DESCRIPTION
Pagination ১০৩ পৃ. :
Dimensions ১৮ সেমি.
490 ## - SERIES STATEMENT
Series statement Series in honour of the Martyrs of the language movement of February 1952.
504 ## - BIBLIOGRAPHY, ETC. NOTE
Bibliography, etc Includes Reference
650 ## - SUBJECT ADDED ENTRY--TOPICAL TERM
Topical term or geographic name as entry element Aesthetics
942 ## - ADDED ENTRY ELEMENTS (KOHA)
Source of classification or shelving scheme Dewey Decimal Classification
Koha item type Books
Holdings
Source of classification or shelving scheme Damaged status Not for loan Home library Current library Shelving location Date of accession Cost, normal purchase price Total Checkouts Full call number Barcode Date last seen Copy number Koha item type
Dewey Decimal Classification     JCC Rouf Library JCC Rouf Library General Stacks 11/11/2017 15.00   111.85 ISL 1985 5084 11/11/2017 C-1 Books

JCC Library | Contacts | JCC Home

Last Update on 23 September 2017
Copyright @ 2017-2020 JCC Rouf Library
Rouf Library, Jhenidah Cadet College (JCC), Bangladesh